Два проекта устройства судебных мест в Польше и две объяснительных записки к проекту /на русск. и польск. яз./

Доступно только в Электронных читальных залах Найти на картеНа карте
RUSMARC
00004218nmc2a22002773x 450
001a3c12b26-15e1-4571-811f-8d2d8c3dbabd
00520211216153329.0
100##$a20211122l1862 k y0rusy50 ca
1010#$arus
$apol
102##$aRU
105##$aa z |||||
1220#$ad18621231
2001#$aДва проекта устройства судебных мест в Польше и две объяснительных записки к проекту /на русск. и польск. яз./
$j1862
215##$a113 листов
$cтабл.
251##$cДело
300##$aЗаголовок дела на папке: Два проекта устройства судебных мест в Царстве Польском и две объяснительных записки к проекту
300##$aЧасть текста на польском языке
300##$aНапечатано типографским способом
330##$aВходит в раздел описи: 1. Материалы о служебной деятельности. с/ Польша
461#0$1001702d5e87-6901-4c63-8165-d848da7b6444
$12001
$aАрцимович Виктор Антонович, сенатор, Тобольский (1854-1858 гг.) и Калужский (1858-1862 гг.) губернатор, вице-председатель государственного совета Царства Польского (С 1863 г.)
$1251
$cФонд
$1852
$j815
462#0$1001559b76c2-49f1-4f4f-bd3c-238599c7510c
$12001
$aДела постоянного хранения. 1821-1891
$vД. 306
$1251
$cОпись
$1852
$j1
5171#$aДва проекта устройства судебных мест в Царстве Польском и две объяснительных записки к проекту
600#1$aАрцимович
$bВ. А.
$gВиктор Антонович
801#0$aRU
$bGA_RF
801#1$aRU
$bГлавНИВЦ
$c20211122
$2rusmarc
801#2$aRU
$bПБ им. Б.Н. Ельцина
$c20211216
$gRCR
$2rusmarc
852##$aГА РФ
$j306
937##$d171691735
$hГАРФ
035##$aRuPRLIB51061599
856##$uhttp://readingroom.main.prlib.ru/item.aspx?id_node=n171691735&mode=full
Формат отображения